Études d'histoire et de théologie positive. (Record no. 30699)

MARC details
000 -LEADER
campo de control de longitud fija 00694nam a2200193 i 4500
001 - NÚMERO DE CONTROL
campo de control 30699
003 - IDENTIFICADOR DE NÚMERO DE CONTROL
campo de control ES-MaACL
005 - FECHA Y HORA DE LA ÚLTIMA TRANSACCIÓN
campo de control 20250801201856.0
007 - CAMPO FIJO DE DESCRIPCIÓN FÍSICA--INFORMACIÓN GENERAL
campo de control de longitud fija t|
008 - DATOS DE LONGITUD FIJA--INFORMACIÓN GENERAL
campo de control de longitud fija 030127s1926 fr ||||1| fre d
100 1# - ENTRADA PRINCIPAL--NOMBRE DE PERSONA
Nombre de persona Batiffol, Pierre.
9 (RLIN) 26425
245 10 - MENCIÓN DEL TÍTULO
Título Études d'histoire et de théologie positive.
Número de parte o sección de la obra Première série,
Nombre de parte o sección de la obra La discipline de l'Arcane, les origines de la pénitence, la hiérarchie primitive, l'agape /
Mención de responsabilidad, etc. Pierre Batiffol.
250 ## - MENCION DE EDICION
Mención de edición 8e édition.
260 ## - PUBLICACIÓN, DISTRIBUCIÓN, ETC.
Lugar de publicación, distribución, etc. Paris :
Nombre del editor, distribuidor, etc. Librairie Victor Lecoffre :
-- J. Gabalda,
Fecha de publicación, distribución, etc. 1926.
300 ## - DESCRIPCIÓN FÍSICA
Extensión XXVII, 368 p. ;
Dimensiones 19 cm.
650 07 - PUNTO DE ACCESO ADICIONAL DE MATERIA--TÉRMINO DE MATERIA
Término de materia o nombre geográfico como elemento de entrada Teología
Fuente del encabezamiento o término embne
9 (RLIN) 17457
852 ## - LOCALIZACIÓN
Ubicación ES-MaACL
Número de control de estantería P-948-bis-1
Sublocalización o colección R.29680
Holdings
Estatus retirado Estado de pérdida Estado de daño No para préstamo Biblioteca de origen Biblioteca actual Ubicación en estantería Fecha de adquisición Fuente de adquisición Total de préstamos Signatura topográfica completa Código de barras Visto por última vez Precio de reemplazo Tipo de ítem Koha
        Biblioteca del Ateneo de Madrid Biblioteca del Ateneo de Madrid Depósito 2 17/01/2008     P-948-bis-1 1031704 23/02/2023 23/02/2023 Libro impreso